Places To Study
There are group study rooms, individual study carrels, computer labs, and other spaces to study in the Libraries.
Reserve A Group Room| 000 -LEADER | |
|---|---|
| fixed length control field | 01193nam a22002177a 4500 |
| 003 - CONTROL NUMBER IDENTIFIER | |
| control field | OSt |
| 005 - DATE AND TIME OF LATEST TRANSACTION | |
| control field | 20251218155459.0 |
| 008 - FIXED-LENGTH DATA ELEMENTS--GENERAL INFORMATION | |
| fixed length control field | 251218b |||||||| |||| 00| 0 eng d |
| 020 ## - INTERNATIONAL STANDARD BOOK NUMBER | |
| International Standard Book Number | 97808244867836 |
| 040 ## - CATALOGING SOURCE | |
| Transcribing agency | DCL |
| 041 ## - LANGUAGE CODE | |
| Language code of text/sound track or separate title | English |
| 082 ## - DEWEY DECIMAL CLASSIFICATION NUMBER | |
| Classification number | 959.102 |
| 100 ## - MAIN ENTRY--PERSONAL NAME | |
| Personal name | Aung-Thwin, |
| Titles and words associated with a name | Michael |
| 245 10 - TITLE STATEMENT | |
| Title | Myanmar in the fifteenth century : |
| Remainder of title | a tale of two kingdoms / |
| Statement of responsibility, etc. | Michael A. Aung-Thwin. |
| 260 ## - PUBLICATION, DISTRIBUTION, ETC. | |
| Place of publication, distribution, etc. | Honolulu : |
| Name of publisher, distributor, etc. | University of Hawaiʻi Press, |
| Date of publication, distribution, etc. | 2017. |
| 300 ## - PHYSICAL DESCRIPTION | |
| Extent | xiv, 369 pages : |
| Other physical details | map ; |
| Dimensions | 22 cm. |
| 504 ## - BIBLIOGRAPHY, ETC. NOTE | |
| Bibliography, etc. note | Include bibliographies and index. |
| 505 ## - FORMATTED CONTENTS NOTE | |
| Formatted contents note | Prelude to Ava -- The Ava convention -- Ava's founding fathers -- The consolidation of Ava -- The fifteenth century and the apogee of Ava -- Ava :<br/>Pagan writ small -- The last decades and the decline of Ava -- Ava's legacy in Myanmar's history -- The "Pegu convention" and the "Mon<br/>narrative" -- Sources for the reconstruction of Pegu -- The origins of Pegu and its founding fathers -- Yazadarit the Unifier -- The golden years at<br/>Pegu : Shin Saw Bu, Dhammazedi, and Bannya Ram -- The historical legacy of the first Pegu dynasty |
| 651 ## - SUBJECT ADDED ENTRY--GEOGRAPHIC NAME | |
| Geographic name | Myanmar |
| Form subdivision | History |
| Chronological subdivision | To 1824. |
| 942 ## - ADDED ENTRY ELEMENTS (KOHA) | |
| Source of classification or shelving scheme | Dewey Decimal Classification |
| Koha item type | Short Term |
| Suppress in OPAC | No |
| Withdrawn status | Lost status | Source of classification or shelving scheme | Damaged status | Not for loan | Collection | Accession No. | Home library | Current library | Shelving location | Date acquired | Total checkouts | Full call number | Barcode | Date last seen | Price effective from | Koha item type |
|---|---|---|---|---|---|---|---|---|---|---|---|---|---|---|---|---|
| Dewey Decimal Classification | English Collection | 4084 | Dhammadhara | Dhammadhara | English Shelves | 18/12/2025 | 959.102 Au 4084 | EB00004084 | 18/12/2025 | 18/12/2025 | Short Term |